[Event "EU-ch U12 31st"]
[Site "Mamaia"]
[Date "2023.08.09"]
[Round "5"]
[White "Shilon Rahav, Eliran"]
[Black "Ritzerveld, Noah"]
[Result "1-0"]
[WhiteElo "1854"]
[BlackElo "2074"]
[PlyCount "137"]
[EventDate "2023.09.05"]
[EventType "swiss"]
[EventRounds "9"]
[EventCountry "ROU"]
[SourceTitle "EXT 2024"]
[Source "ChessBase"]
[SourceDate "2023.10.10"]
[SourceVersion "1"]
[SourceVersionDate "2023.10.10"]
[SourceQuality "1"]

1. e4 e5 2. Nc3 Nf6 3. d4 exd4 4. Qxd4 Nc6 5. Qd3 Bc5 6. Bf4 d6 7. Qd2 Be6 8. f3 d5 9. e5 Nd7 10. 0-0-0 Nb6 11. Kb1 d4 12. Ne4 Qd5 13. b3 Bb4 14. Qe2 Qa5 15. Qb5 0-0-0 16. Qxa5 Bxa5 17. Bb5 Bf5 18. Ne2 Nd5 19. Bxc6 bxc6 20. Rxd4 Nxf4 21. Rxd8+ Rxd8 22. Nxf4 Bxe4 23. fxe4 Rd4 24. Nd3 Kd8 25. e6 f6 26. e5 Ke7 27. exf6+ gxf6 28. Kb2 Kxe6 29. Rd1 Kf7 30. Rf1 Rd5 31. Rf3 Bb6 32. Kc3 Kg7 33. Nf4 Rc5+ 34. Kd2 Re5 35. Kd3 Kf7 36. Rh3 Kg7 37. g4 Re7 38. Rf3 Rd7+ 39. Ke2 Re7+ 40. Kd2 Bd4 41. Kd3 Be5 42. h4 Rd7+ 43. Ke2 Re7 44. Kf2 Bd4+ 45. Kg2 Re4 46. Nh5+ Kg6 47. Nf4+ Kg7 48. Kh3 Re7 49. Rd3 Be5 50. Re3 Rd7 51. Nd3 Bd4 52. Re6 c5 53. Rc6 Re7 54. Nxc5 Kf7 55. Nd3 Bb6 56. Kg3 Re3+ 57. Kf4 Re6 58. Rxe6 Kxe6 59. c4 Bd4 60. Ke4 Bc3 61. c5 Bd2 62. Nf4+ Kf7 63. c6 Be1 64. h5 Bg3 65. Kf5 a5 66. Nd5 Be5 67. g5 Bd6 68. Nxf6 Kg7 69. Ne8+ 1-0

[Event "Ramat Gan Spring op"]
[Site "Ramat Gan"]
[Date "2023.06.26"]
[Round "7"]
[White "Shilon Rahav, Eliran"]
[Black "Gurevich, Hillel"]
[Result "0-1"]
[WhiteElo "1840"]
[BlackElo "1656"]
[PlyCount "58"]
[EventDate "2023.05.01"]
[EventType "swiss"]
[EventRounds "7"]
[EventCountry "ISR"]
[SourceTitle "CBM 215 Extra"]
[Source "ChessBase"]
[SourceDate "2023.09.30"]
[SourceVersion "1"]
[SourceVersionDate "2023.09.30"]
[SourceQuality "1"]

1. e4 c5 2. Nc3 Nc6 3. Bb5 Nd4 4. Nf3 e6 5. 0-0 a6 6. Bd3 Ne7 7. Nxd4 cxd4 8. Ne2 Nc6 9. c3 dxc3 10. dxc3 Bc5 11. Kh1 0-0 12. f4 d5 13. Qc2 dxe4 14. Bxe4 f5 15. Bxc6 bxc6 16. b4 Bb6 17. c4 c5 18. a3 Bb7 19. Bb2 Qe7 20. Qc3 Rf6 21. Rad1 Rg6 22. Ng3 h5 23. Rd2 h4 24. Nh5 Rd8 25. Re2 cxb4 26. Qxb4 Qxb4 27. axb4 h3 28. Ng3 hxg2+ 29. Rxg2 Bxg2+ 0-1

[Event "Ramat Gan Lag BaOmer op"]
[Site "Ramat Gan"]
[Date "2023.05.08"]
[Round "2"]
[White "Kantsler, Boris"]
[Black "Shilon Rahav, Eliran"]
[Result "1-0"]
[WhiteElo "2403"]
[BlackElo "1840"]
[PlyCount "97"]
[EventDate "2023.05.08"]
[EventType "swiss (rapid)"]
[EventRounds "5"]
[EventCountry "ISR"]
[SourceTitle "CBM 214 Extra"]
[Source "ChessBase"]
[SourceDate "2023.07.31"]
[SourceVersion "1"]
[SourceVersionDate "2023.07.31"]
[SourceQuality "1"]

1. e4 c5 2. Nf3 a6 3. c4 Qc7 4. d4 cxd4 5. Nxd4 Nf6 6. Nc3 e6 7. a3 b6 8. Be2 Bb7 9. f3 d6 10. Be3 Nbd7 11. Rc1 Be7 12. 0-0 0-0 13. Kh1 Rfb8 14. b4 Qd8 15. Qb3 Ne5 16. Rfd1 Nc6 17. Nc2 Nd7 18. f4 Qe8 19. Ne1 Nd8 20. Bd3 Bc6 21. Nf3 Nf6 22. b5 axb5 23. cxb5 Bd7 24. a4 d5 25. Ne5 Bd6 26. Nxd7 Qxd7 27. exd5 Ng4 28. Bg1 Bxf4 29. dxe6 Qxe6 30. Qxe6 Nxe6 31. Rb1 Rc8 32. Nd5 Rd8 33. Be2 h5 34. Bxb6 Rd7 35. Bxg4 hxg4 36. Nf6+ gxf6 37. Rxd7 Rxa4 38. Bg1 g3 39. b6 Ra5 40. Ra7 Rh5 41. b7 gxh2 42. b8Q+ Bxb8 43. Rxb8+ Kg7 44. Bxh2 Nd4 45. Rbb7 Ne2 46. Rxf7+ Kg6 47. Rg7+ Kf5 48. g4+ Ke4 49. gxh5 1-0

[Event "Ramat Gan Spring op"]
[Site "Ramat Gan"]
[Date "2023.05.01"]
[Round "1"]
[White "Shilon Rahav, Eliran"]
[Black "Chernomordik, Pavel"]
[Result "1/2-1/2"]
[WhiteElo "1840"]
[BlackElo "2150"]
[PlyCount "205"]
[EventDate "2023.05.01"]
[EventType "swiss"]
[EventRounds "7"]
[EventCountry "ISR"]
[SourceTitle "CBM 215 Extra"]
[Source "ChessBase"]
[SourceDate "2023.09.30"]
[SourceVersion "1"]
[SourceVersionDate "2023.09.30"]
[SourceQuality "1"]

1. e4 g6 2. d4 Bg7 3. Nc3 d6 4. g3 h5 5. h3 Nc6 6. Nge2 e5 7. d5 Nce7 8. Bg2 h4 9. g4 f5 10. f3 c6 11. Bg5 Bf6 12. Be3 cxd5 13. Nxd5 Nxd5 14. Qxd5 Ne7 15. Qd3 d5 16. 0-0-0 d4 17. f4 Nc6 18. fxe5 Nxe5 19. Qxd4 Qxd4 20. Nxd4 Nc4 21. Bf4 g5 22. e5 gxf4 23. exf6 fxg4 24. Nb5 Ne3 25. Nc7+ Kf7 26. Bd5+ Nxd5 27. Rxd5 Rb8 28. hxg4 Bxg4 29. Rd4 Kxf6 30. Rxf4+ Kg5 31. Rc4 h3 32. Rg1 Rh4 33. Ne6+ Kf6 34. Rcxg4 Rxg4 35. Rxg4 Rh8 36. Nf8 h2 37. Rf4+ Ke7 38. Ng6+ Ke6 39. Rf1 h1Q 40. Rxh1 Rxh1+ 41. Kd2 Kf5 42. Ne7+ Ke4 43. Nc8 Rh5 44. Nxa7 Ra5 45. Nc8 Ra6 46. a4 Ke5 47. b4 Rxa4 48. Kc3 Ra6 49. b5 Rh6 50. Kc4 Rh7 51. Nb6 Rc7+ 52. Kb3 Kd4 53. c4 Rh7 54. Na4 Rh1 55. Nb2 b6 56. Kc2 Rh3 57. Na4 Kxc4 58. Nxb6+ Kxb5 59. Nd5 Kc4 60. Nb6+ Kd4 61. Na4 Ra3 62. Nb2 Ra1 63. Kd2 Ra3 64. Kc2 Rc3+ 65. Kd2 Rc6 66. Nd3 Rh6 67. Nf2 Re6 68. Nd3 Rf6 69. Ke2 Ra6 70. Nf2 Ra3 71. Ng4 Rh3 72. Nf2 Rg3 73. Kd2 Re3 74. Ng4 Rf3 75. Ke2 Ra3 76. Nf2 Re3+ 77. Kd2 Re7 78. Nd3 Rb7 79. Ke2 Rb3 80. Nf2 Ke5 81. Nd3+ Kd4 82. Nf2 Ra3 83. Ng4 Rh3 84. Nf2 Rg3 85. Kd2 Re3 86. Ng4 Ra3 87. Ke2 Ke4 88. Nf2+ Kf4 89. Nd3+ Kg3 90. Ke3 Ra4 91. Ke2 Re4+ 92. Kd2 Re7 93. Nb2 Kf3 94. Kc3 Ke4 95. Kb3 Rc7 96. Nd1 Rc1 97. Nb2 Kd4 98. Kb4 Rc3 99. Na4 Rc6 100. Kb5 Kd5 101. Nb6+ Kd6 102. Nc4+ Kc7 103. Kb4 1/2-1/2

[Event "Rishon Le Ziyyon-ch U18"]
[Site "Rishon Le Ziyyon"]
[Date "2023.04.02"]
[Round "6"]
[White "Shilon Rahav, Eliran"]
[Black "Hanein, Avri"]
[Result "1/2-1/2"]
[WhiteElo "1870"]
[BlackElo "1434"]
[PlyCount "114"]
[EventDate "2023.03.28"]
[EventType "swiss"]
[EventRounds "9"]
[EventCountry "ISR"]
[SourceTitle "CBM 213 Extra"]
[Source "ChessBase"]
[SourceDate "2023.05.31"]
[SourceVersion "1"]
[SourceVersionDate "2023.05.31"]
[SourceQuality "1"]

1. e4 c5 2. Nc3 g6 3. d4 cxd4 4. Qxd4 Nf6 5. Bf4 Nc6 6. Qa4 Bg7 7. 0-0-0 0-0 8. h4 Ng4 9. Nh3 Qb6 10. f3 Ne3 11. Rd3 Nxf1 12. Rxf1 Nb4 13. Rd2 d5 14. e5 d4 15. Ne2 d3 16. Nc3 Be6 17. a3 Nxc2 18. Rxd3 Na1 19. Be3 Qc7 20. Nf4 Nb3+ 21. Kb1 Bc4 22. Rd7 Qxe5 23. Qxc4 Qxe3 24. Nxg6 hxg6 25. Qxb3 Rac8 26. Rc1 b5 27. Qb4 Bf6 28. Qe4 Qxe4+ 29. Nxe4 Rxc1+ 30. Kxc1 Rc8+ 31. Kb1 Bxh4 32. Rxa7 f5 33. Nc3 Rb8 34. b4 Bf6 35. Nd5 Kf7 36. Ra5 Be5 37. f4 Ke6 38. Nxe7 Bc7 39. Nc6 Bxa5 40. Nxb8 Bc7 41. Nc6 Bxf4 42. Nd4+ Kd5 43. Ne2 Be5 44. Kc2 Ke4 45. Nc1 Ke3 46. Nd3 Bd6 47. Nc5 f4 48. Kd1 g5 49. Ke1 Be5 50. Kf1 g4 51. a4 bxa4 52. Nxa4 Kd4 53. Nb6 Bd6 54. b5 Kc5 55. Nd7+ Kxb5 56. Nf6 g3 57. Ke2 Kc4 1/2-1/2

[Event "Rishon Le Ziyyon-ch U18"]
[Site "Rishon Le Ziyyon"]
[Date "2023.03.28"]
[Round "1"]
[White "Rom, Alon"]
[Black "Shilon Rahav, Eliran"]
[Result "0-1"]
[WhiteElo "1232"]
[BlackElo "1870"]
[PlyCount "122"]
[EventDate "2023.03.28"]
[EventType "swiss"]
[EventRounds "9"]
[EventCountry "ISR"]
[SourceTitle "CBM 213 Extra"]
[Source "ChessBase"]
[SourceDate "2023.05.31"]
[SourceVersion "1"]
[SourceVersionDate "2023.05.31"]
[SourceQuality "1"]

1. e4 c5 2. Nc3 a6 3. b3 Nc6 4. Nf3 e5 5. Bb2 d6 6. Be2 g6 7. a4 Bg7 8. Bc4 h6 9. h3 Nge7 10. Qe2 Na5 11. d3 Bd7 12. Qd1 Rb8 13. Qd2 Bc6 14. Ra2 0-0 15. 0-0 Kh7 16. Nh2 f5 17. f3 f4 18. Qe1 Bd7 19. Kh1 Nac6 20. Rf2 Nb4 21. Ra1 Bc6 22. a5 Bd7 23. Rd2 Nec6 24. Ne2 Nxa5 25. Qd1 b5 26. Bd5 Nxd5 27. exd5 b4 28. Ra2 Bb5 29. Qa1 Nb7 30. c4 bxc3 31. Nxc3 Qd7 32. Ng4 Nd8 33. Nf2 Nf7 34. Nxb5 axb5 35. Ne4 Rfd8 36. Ra7 Rb7 37. Ra6 Qe7 38. Rc2 Ng5 39. Ba3 Nxe4 40. dxe4 Ra7 41. Bb2 Rda8 42. Rxa7 Rxa7 43. Qf1 Qb7 44. Rc1 Ra2 45. Rb1 Qa7 46. Ra1 Bf6 47. Qb1 Rxa1 48. Qxa1 Qb7 49. Qc1 Bd8 50. Bc3 Bb6 51. b4 Qa7 52. Qb2 Qa4 53. Bxe5 cxb4 54. Bd4 Qd1+ 55. Kh2 Bxd4 56. Qxd4 Qxd4 57. h4 b3 58. h5 Qf2 59. hxg6+ Kg8 60. e5 b2 61. exd6 Qg3+ 0-1

[Event "Ramat Gan Winter op"]
[Site "Ramat Gan"]
[Date "2023.01.07"]
[Round "3"]
[White "Caspi, Israel"]
[Black "Shilon Rahav, Eliran"]
[Result "1-0"]
[WhiteElo "2472"]
[BlackElo "1868"]
[PlyCount "117"]
[EventDate "2023.01.07"]
[EventType "swiss (rapid)"]
[EventRounds "6"]
[EventCountry "ISR"]
[SourceTitle "CBM 212 Extra"]
[Source "ChessBase"]
[SourceDate "2023.03.31"]
[SourceVersion "1"]
[SourceVersionDate "2023.03.31"]
[SourceQuality "1"]

1. d4 d5 2. c4 e6 3. Nc3 c6 4. e3 Nf6 5. Nf3 Bd6 6. b3 0-0 7. Bb2 b6 8. Bd3 Bb7 9. 0-0 Nbd7 10. Qc2 Re8 11. Rfd1 h6 12. Rac1 Rc8 13. h3 e5 14. dxe5 Nxe5 15. Nxe5 Bxe5 16. Bf5 Rc7 17. cxd5 cxd5 18. Qd2 Qe7 19. Nb5 Rxc1 20. Rxc1 Ne4 21. Bxe4 dxe4 22. Bxe5 Qxe5 23. a4 Qb8 24. Rc7 Rd8 25. Rxb7 Qc8 26. Qxd8+ Qxd8 27. Nd4 Qa8 28. Rd7 a6 29. Rd6 b5 30. a5 Qc8 31. Rc6 Qa8 32. g3 Kh7 33. Kg2 g6 34. h4 Kg7 35. Rd6 Kf8 36. h5 Ke7 37. Rb6 Kd7 38. hxg6 fxg6 39. Rxg6 h5 40. Rh6 Qc8 41. Rh7+ Kd6 42. Rxh5 Ke7 43. Rh7+ Kf6 44. Rh6+ Kg5 45. Rc6 Qa8 46. b4 Kh5 47. Rb6 Kg5 48. Re6 Kh5 49. Re5+ Kg6 50. Rf5 Qd8 51. Rc5 Qa8 52. Ne6 Kf6 53. Nf4 Qb7 54. g4 Qd7 55. g5+ Ke7 56. Rc7 Qxc7 57. Nd5+ Kd6 58. Nxc7 Kxc7 59. g6 1-0

[Event "Wch U10"]
[Site "Batumi"]
[Date "2022.09.24"]
[Round "8"]
[White "Shilon Rahav, Eliran"]
[Black "Unsal, Gorkem"]
[Result "1-0"]
[WhiteElo "1708"]
[BlackElo "1697"]
[PlyCount "113"]
[EventDate "2022.09.16"]
[EventType "swiss"]
[EventRounds "11"]
[EventCountry "GEO"]
[SourceTitle "EXT 2023"]
[Source "ChessBase"]
[SourceDate "2022.10.05"]
[SourceVersion "1"]
[SourceVersionDate "2022.10.05"]
[SourceQuality "1"]

1. e4 c5 2. Nc3 Nc6 3. Bb5 Nd4 4. Nf3 g6 5. Bc4 Bg7 6. Nxd4 cxd4 7. Qf3 Nf6 8. e5 dxc3 9. dxc3 0-0 10. exf6 Bxf6 11. h4 Qc7 12. Bd5 h5 13. Bf4 d6 14. Qg3 Bf5 15. 0-0-0 Rad8 16. f3 Qc5 17. Bb3 d5 18. Bg5 Bg7 19. Rhe1 Rfe8 20. Be3 Qc6 21. Qf2 a5 22. a4 b5 23. axb5 Qxb5 24. Bd4 e5 25. Bc5 d4 26. g4 a4 27. Ba2 Bh6+ 28. g5 Qxc5 29. gxh6 a3 30. cxd4 exd4 31. Rxe8+ Rxe8 32. Rxd4 Qb5 33. Bb3 Qa5 34. bxa3 Qxa3+ 35. Kd1 Qa1+ 36. Kd2 Qa5+ 37. Kd1 Qc3 38. Ba4 Rb8 39. Bb3 Ra8 40. Qd2 Qa1+ 41. Ke2 Re8+ 42. Kf2 Qa7 43. Kg2 Qe7 44. Ba4 Rc8 45. c3 Rf8 46. Bc6 Qf6 47. Be4 Bc8 48. Bd5 Qf5 49. Be4 Qh3+ 50. Kg1 Qxh4 51. c4 Bh3 52. h7+ Kg7 53. Qb2 Qg3+ 54. Kh1 Kxh7 55. Rd5 Rb8 56. Rxh5+ Kg8 57. Rh8# 1-0

[Event "Wch U10"]
[Site "Batumi"]
[Date "2022.09.23"]
[Round "7"]
[White "Guo, Ethan"]
[Black "Shilon Rahav, Eliran"]
[Result "0-1"]
[WhiteElo "1917"]
[BlackElo "1708"]
[PlyCount "86"]
[EventDate "2022.09.16"]
[EventType "swiss"]
[EventRounds "11"]
[EventCountry "GEO"]
[SourceTitle "EXT 2023"]
[Source "ChessBase"]
[SourceDate "2022.10.05"]
[SourceVersion "1"]
[SourceVersionDate "2022.10.05"]
[SourceQuality "1"]

1. e4 c5 2. Nf3 Nc6 3. d4 cxd4 4. Nxd4 Nf6 5. Nc3 e5 6. Ndb5 d6 7. Bg5 a6 8. Na3 b5 9. Nd5 Be7 10. Bxf6 Bxf6 11. c3 Ne7 12. Nxf6+ gxf6 13. Nc2 Bb7 14. Bd3 d5 15. exd5 Qxd5 16. Ne3 Qe6 17. Qh5 e4 18. Bc2 f5 19. Bb3 Qf6 20. 0-0-0 0-0 21. h4 a5 22. Qg5+ Qxg5 23. hxg5 Rfd8 24. Rxd8+ Rxd8 25. Rh6 a4 26. Bc2 Bc8 27. g3 Ng6 28. Rh1 Rd6 29. Rd1 Rxd1+ 30. Bxd1 Ne5 31. Be2 Bd7 32. Nd5 Kg7 33. Nf4 Bc6 34. Kd2 h6 35. gxh6+ Kxh6 36. Ke3 Kg5 37. Kd4 Nd7 38. Nd5 Bxd5 39. Kxd5 Nb6+ 40. Kd4 Nc4 41. b3 Na5 42. b4 Nb3+ 43. axb3 a3 0-1

[Event "Wch U10"]
[Site "Batumi"]
[Date "2022.09.19"]
[Round "4"]
[White "Shilon Rahav, Eliran"]
[Black "Mnatsakanyan, Aren"]
[Result "1-0"]
[WhiteElo "1708"]
[BlackElo "1353"]
[PlyCount "95"]
[EventDate "2022.09.16"]
[EventType "swiss"]
[EventRounds "11"]
[EventCountry "GEO"]
[SourceTitle "EXT 2023"]
[Source "ChessBase"]
[SourceDate "2022.10.05"]
[SourceVersion "1"]
[SourceVersionDate "2022.10.05"]
[SourceQuality "1"]

1. e4 c6 2. d4 d5 3. exd5 cxd5 4. Bf4 Nc6 5. c3 Qb6 6. b4 Nf6 7. Nf3 Bg4 8. h3 Bh5 9. Nbd2 e6 10. Bd3 Bg6 11. Bxg6 hxg6 12. a4 Be7 13. 0-0 0-0 14. Qe2 Rac8 15. Nb3 Ne4 16. Rfc1 Bd6 17. Bxd6 Nxd6 18. Nc5 Qd8 19. a5 b6 20. axb6 axb6 21. Nd3 Qc7 22. Ng5 Qe7 23. h4 Nf5 24. g3 Qf6 25. Ra6 Rb8 26. b5 Na5 27. Ne5 Qe7 28. Kg2 Nh6 29. f4 Qa3 30. Rc2 Qd6 31. Ra2 Qc7 32. Ra3 Ra8 33. Qd3 Rxa6 34. bxa6 Nc4 35. Nxc4 dxc4 36. Qe4 Qd6 37. Ra4 b5 38. Ra5 Qb6 39. Ra2 Qa7 40. h5 Qa8 41. hxg6 fxg6 42. a7 Qxe4+ 43. Nxe4 Ra8 44. Nc5 b4 45. cxb4 c3 46. b5 c2 47. Nd3 Nf5 48. b6 1-0

[Event "Ramat Gan Shavuot Rapid"]
[Site "Ramat Gan"]
[Date "2022.06.04"]
[Round "5"]
[White "Katkov, Michelle"]
[Black "Shilon Rahav, Eliran"]
[Result "1-0"]
[WhiteElo "2208"]
[BlackElo "1820"]
[PlyCount "129"]
[EventDate "2022.06.04"]
[EventType "swiss (rapid)"]
[EventRounds "6"]
[EventCountry "ISR"]
[SourceTitle "CBM 208 Extra"]
[Source "ChessBase"]
[SourceDate "2022.07.31"]
[SourceVersion "1"]
[SourceVersionDate "2022.07.31"]
[SourceQuality "1"]

1. e4 c5 2. c3 g6 3. d4 cxd4 4. cxd4 d5 5. e5 Nc6 6. Nc3 a6 7. h3 h5 8. Nf3 Bh6 9. Bd3 e6 10. 0-0 Bd7 11. Na4 b6 12. Nc3 b5 13. a3 Bxc1 14. Rxc1 Qb6 15. Ne2 0-0-0 16. a4 b4 17. a5 Qa7 18. Qb3 Kb8 19. Rfd1 Ka8 20. Nf4 Nge7 21. Bf1 Rb8 22. Ra1 Nf5 23. Qd3 Rb5 24. Qd2 Rb7 25. Ne2 Rhb8 26. Nc1 b3 27. g4 hxg4 28. hxg4 Nfe7 29. Qf4 Be8 30. Nd3 Nb4 31. Nc5 Rc7 32. Nd2 Ng8 33. Ndxb3 Bb5 34. Bxb5 Rxb5 35. Rac1 Na2 36. Ra1 Nb4 37. Qg5 Nc6 38. Ra3 Nge7 39. Qf4 Nc8 40. Qe3 Nb4 41. Qe2 Ne7 42. Nd3 Nc2 43. Nbc5 Nxa3 44. bxa3 Rxa5 45. a4 Nc6 46. Rb1 Nxd4 47. Qb2 Nc6 48. Qa3 Re7 49. Nb3 Rb7 50. Rc1 Nd4 51. Rc8+ Rb8 52. Rxb8+ Qxb8 53. Nxa5 Qb1+ 54. Kg2 Ne2 55. Qf8+ Ka7 56. Qe7+ Ka8 57. Qd8+ Ka7 58. Nc6+ Kb7 59. Qb8+ Kxc6 60. Qxb1 Nd4 61. Nb4+ Kd7 62. Nxa6 Ke8 63. Qb8+ Kd7 64. Qa7+ Ke8 65. Qxd4 1-0

[Event "Ramat Gan Shavuot Rapid"]
[Site "Ramat Gan"]
[Date "2022.06.04"]
[Round "1"]
[White "Shilon Rahav, Eliran"]
[Black "Bykhovsky, Avigdor"]
[Result "0-1"]
[WhiteElo "1820"]
[BlackElo "2384"]
[PlyCount "88"]
[EventDate "2022.06.04"]
[EventType "swiss (rapid)"]
[EventRounds "6"]
[EventCountry "ISR"]
[SourceTitle "CBM 208 Extra"]
[Source "ChessBase"]
[SourceDate "2022.07.31"]
[SourceVersion "1"]
[SourceVersionDate "2022.07.31"]
[SourceQuality "1"]

1. e4 e6 2. Qe2 c5 3. Nf3 Nc6 4. g3 b6 5. Bg2 Bb7 6. 0-0 Nf6 7. d3 d5 8. e5 Nd7 9. c4 d4 10. Bf4 Be7 11. h4 h6 12. h5 g5 13. hxg6 fxg6 14. Re1 g5 15. Bd2 Qc7 16. Nh2 0-0-0 17. Qg4 Ncxe5 18. Qxe6 Bxg2 19. Kxg2 Qb7+ 20. Kg1 Bf6 21. Ng4 Rhe8 22. Rxe5 Bxe5 23. Qg6 Rg8 24. Qf5 Rdf8 25. Qe6 Re8 26. Qf7 Rgf8 27. Qh5 Qf3 28. Na3 Bxg3 29. fxg3 Qxg3+ 30. Kh1 Re2 31. Ne3 Rxd2 32. Rg1 Qxe3 33. Nb5 Qxd3 34. Nd6+ Kc7 35. Nb5+ Kb8 36. Qg4 Qf3+ 37. Qxf3 Rxf3 38. Re1 Re3 39. Rf1 Rxb2 40. Nd6 d3 41. Nf5 Ree2 42. Rd1 d2 43. Ne3 Rxe3 44. Kg2 Re1 0-1

[Event "Ramat Gan Shavuot Rapid"]
[Site "Ramat Gan"]
[Date "2022.06.04"]
[Round "4"]
[White "Shilon Rahav, Eliran"]
[Black "Rozen, Eytan"]
[Result "0-1"]
[WhiteElo "1820"]
[BlackElo "2460"]
[PlyCount "98"]
[EventDate "2022.06.04"]
[EventType "swiss (rapid)"]
[EventRounds "6"]
[EventCountry "ISR"]
[SourceTitle "CBM 208 Extra"]
[Source "ChessBase"]
[SourceDate "2022.07.31"]
[SourceVersion "1"]
[SourceVersionDate "2022.07.31"]
[SourceQuality "1"]

1. e4 g6 2. d4 Bg7 3. Nc3 d6 4. g3 a6 5. Bg2 b5 6. a3 Bb7 7. Nge2 Nd7 8. 0-0 e6 9. f4 Ne7 10. Re1 e5 11. d5 0-0 12. g4 exf4 13. Nxf4 Ne5 14. Be3 Nc4 15. Bc1 c6 16. Rb1 cxd5 17. Ncxd5 Nxd5 18. exd5 Qh4 19. b3 Rfe8 20. Ne6 fxe6 21. bxc4 exd5 22. Rxe8+ Rxe8 23. Bf4 Qf6 24. Bxd5+ Kh8 25. Qd2 Bxd5 26. cxd5 Qd4+ 27. Qxd4 Bxd4+ 28. Kg2 Bc5 29. Kf3 Kg7 30. h4 Rf8 31. Kg3 Re8 32. Kf3 Rf8 33. Re1 Bxa3 34. Re7+ Kg8 35. Kg3 Bc5 36. Bh6 Ra8 37. Bg5 Ra7 38. Re8+ Kf7 39. Rh8 Kg7 40. Rd8 a5 41. Bc1 Bd4 42. Kf3 Be5 43. h5 a4 44. h6+ Kf7 45. Bf4 Bxf4 46. Kxf4 a3 47. Rh8 Ra4+ 48. Kg5 a2 49. Rxh7+ Ke8 0-1

[Event "ISR-ch U08/18"]
[Site "Savyon"]
[Date "2022.04.13"]
[Round "8"]
[White "Shilon Rahav, Eliran"]
[Black "Gavriel, Adam"]
[Result "1-0"]
[WhiteElo "1770"]
[BlackElo "1254"]
[PlyCount "47"]
[EventDate "2022.04.06"]
[EventType "swiss"]
[EventRounds "9"]
[EventCountry "ISR"]
[SourceTitle "EXT 2023"]
[Source "ChessBase"]
[SourceDate "2022.10.05"]
[SourceVersion "1"]
[SourceVersionDate "2022.10.05"]
[SourceQuality "1"]

1. e4 e6 2. Qe2 e5 3. Nf3 Nc6 4. c3 Nf6 5. b4 a6 6. a4 Be7 7. g3 0-0 8. Bg2 d5 9. exd5 Nxd5 10. 0-0 Bf6 11. Ba3 Re8 12. b5 Nce7 13. Re1 Ng6 14. Qe4 axb5 15. axb5 Be6 16. d4 Ra4 17. Be7 Qa8 18. Rxa4 Qxa4 19. Bxf6 gxf6 20. Nfd2 f5 21. Qe2 f6 22. c4 Nb6 23. Bxb7 Bxc4 24. Nxc4 1-0

[Event "ISR-ch U08/18"]
[Site "Savyon"]
[Date "2022.04.10"]
[Round "4"]
[White "Shilon Rahav, Eliran"]
[Black "Sagi, Elisha"]
[Result "0-1"]
[WhiteElo "1770"]
[BlackElo "1483"]
[PlyCount "116"]
[EventDate "2022.04.06"]
[EventType "swiss"]
[EventRounds "9"]
[EventCountry "ISR"]
[SourceTitle "EXT 2023"]
[Source "ChessBase"]
[SourceDate "2022.10.05"]
[SourceVersion "1"]
[SourceVersionDate "2022.10.05"]
[SourceQuality "1"]

1. e4 c5 2. b3 e6 3. c4 b6 4. Bb2 Bb7 5. Nc3 d6 6. Nf3 Nf6 7. d3 Be7 8. g3 0-0 9. Bg2 d5 10. Qc2 Nc6 11. Rd1 dxe4 12. dxe4 Qc7 13. 0-0 Rad8 14. e5 Nd7 15. Rfe1 Qb8 16. Nb5 Ba8 17. Qc3 Qb7 18. Nd6 Bxd6 19. exd6 Nd4 20. Kh1 Nf6 21. Rxd4 cxd4 22. Qxd4 Qc6 23. Nh4 Qxd6 24. Qxd6 Bxg2+ 25. Kxg2 Rxd6 26. Ba3 Rd2 27. Bxf8 Kxf8 28. a3 Ng4 29. h3 Nxf2 30. Rb1 Ne4+ 31. Kf3 Ng5+ 32. Ke3 Ra2 33. a4 Nxh3 34. Nf3 h6 35. Rc1 Ng5 36. Nd4 Ke8 37. b4 Ra3+ 38. Ke2 Rxa4 39. Nc6 Kd7 40. b5 Ne4 41. g4 f6 42. Kd3 Nc5+ 43. Ke3 Ra3+ 44. Ke2 Kc7 45. Rd1 Ra4 46. Rd4 e5 47. Rd8 Rxc4 48. Ra8 Rxg4 49. Rxa7+ Kd6 50. Nd8 Ne6 51. Nb7+ Kd5 52. Ra6 Nd4+ 53. Ke3 Nxb5 54. Rxb6 Nd4 55. Nd8 f5 56. Nf7 f4+ 57. Kf2 e4 58. Rd6+ Kc5 0-1

[Event "Wch FIDE Online U10 Europe qual"]
[Site "Tornelo INT"]
[Date "2020.12.09"]
[Round "7"]
[White "Roubal, Matyas"]
[Black "Shilon Rahav, Eliran"]
[Result "1-0"]
[WhiteElo "1263"]
[BlackElo "1237"]
[PlyCount "53"]
[EventDate "2020.12.07"]
[EventType "swiss (rapid)"]
[EventRounds "7"]
[EventCountry "ISS"]
[SourceTitle "EXT 2022"]
[Source "ChessBase"]
[SourceDate "2021.10.06"]
[SourceVersion "1"]
[SourceVersionDate "2021.10.06"]
[SourceQuality "1"]

1. e4 c5 2. Nf3 a6 3. g3 e6 4. Bg2 Nc6 5. 0-0 d5 6. exd5 exd5 7. Re1+ Be7 8. Nc3 Nf6 9. d4 cxd4 10. Nxd4 0-0 11. Bg5 h6 12. Be3 Be6 13. Qd2 Ng4 14. Rad1 Nxe3 15. Qxe3 Rc8 16. Nxe6 fxe6 17. Qxe6+ Kh8 18. Rxd5 Qb6 19. Rd2 Bc5 20. Nd1 Rf6 21. Qxc8+ Kh7 22. Be4+ g6 23. Bxc6 Qxc6 24. Rd7+ Qxd7 25. Qxd7+ Kg8 26. Re8+ Bf8 27. Re6 1-0

[Event "Wch FIDE Online U10 Europe qual"]
[Site "Tornelo INT"]
[Date "2020.12.09"]
[Round "6"]
[White "Shilon Rahav, Eliran"]
[Black "Onodi, Miklos"]
[Result "0-1"]
[WhiteElo "1237"]
[BlackElo "1449"]
[PlyCount "112"]
[EventDate "2020.12.07"]
[EventType "swiss (rapid)"]
[EventRounds "7"]
[EventCountry "ISS"]
[SourceTitle "EXT 2022"]
[Source "ChessBase"]
[SourceDate "2021.10.06"]
[SourceVersion "1"]
[SourceVersionDate "2021.10.06"]
[SourceQuality "1"]

1. e4 c5 2. c3 Nf6 3. e5 Nd5 4. d4 cxd4 5. cxd4 d6 6. Nf3 Nc6 7. Bd3 dxe5 8. dxe5 g6 9. 0-0 Bg7 10. Re1 0-0 11. a3 Bg4 12. Be4 Nb6 13. Qxd8 Rfxd8 14. Bf4 Rac8 15. Nc3 Nc4 16. b3 N4xe5 17. Nxe5 Nxe5 18. Nd5 Rxd5 19. Bxd5 Nd3 20. Bxb7 Bxa1 21. Bxc8 Nxe1 22. Bxg4 f5 23. Be2 e5 24. Bd2 Nc2 25. a4 Nd4 26. Bc4+ Kf8 27. Bb4+ Ke8 28. Bc5 a5 29. Bxd4 exd4 30. f3 f4 31. g3 g5 32. h4 h6 33. hxg5 hxg5 34. gxf4 gxf4 35. Kg2 Bb2 36. Kh3 Bc1 37. Kg4 Ke7 38. Kf5 Kd6 39. Ke4 Be3 40. Kd3 Kc5 41. Bg8 Kb4 42. Ke4 Kc3 43. Bc4 Kc2 44. Kd5 d3 45. Bxd3+ Kxd3 46. Kc6 Bd2 47. Kb5 Ke3 48. Kc4 Kxf3 49. Kd3 Bb4 50. Kc2 Ke2 51. Kc1 f3 52. Kb2 f2 53. Kb1 f1Q+ 54. Ka2 Kd2 55. Kb2 Bc3+ 56. Ka2 Qa1# 0-1